01013nam a2200241 a 4500001001000000003000900010005001700019008004100036040002500077082002000102100003100122245005200153246003000205260007900235300002000314500004600334650002800380650003100408942001400439952017700453952012400630999001700754000010914DO-SdBNP20240412074221.0091013s1960 dr 001 p spa d aDO-SdBNPaspacBNPHU aRD861.44bL864p1 aLópez, Armando P.92632710aXV poemas pueblerínos / cArmando P. López.13aQuince poemas pueblerinos aSantiago de los Caballeros, República Dominicana :bL. H. Crúz,c1960. a75 p. ;c21 cm. aA la cabeza de la portada Era de Trujillo 0aPoesía dominicana966 0aLiteratura dominicana.967 2ddccLBS1 0010718PDaPDbPDcHDd2009-10-13iLF1l0oRD861.44 L864pp10914-10r2020-06-25w2020-06-25yLFPDzPerteneció a la biblioteca personal de Martínez Boog.ZNo se presta 0010718PDaPDbPDcCTd2011-07-18iLF1l0oRD861.44 L864pp10914-20r2020-06-25te. 2w2020-06-25yLFPDZNo se presta c10652d10652